00365pab a2200145 454500008004000000100001700040245006900057260000900126300001300135362000800148650001700156650001000173650001800183773001800201180718b2005 xxu||||| |||| 00| 0 eng d aJan, Muzamil aEntrepreneurial behaviour of Kashmiri women through cooperatives c2005 ap.83-96. aSep aCooperatives aWomen aEntrepreneurs aSocial Change